Score 0/20 Timer 07:00
5 Plays Today
% Correct
Forrest Gump
90.3%
Edward Scissorhands
88.2%
The Hunchback of Notre Dame
87.3%
Phantom of the Opera
87.1%
Sweeney Todd: The Demon Barber of Fleet Street
81.8%
Annie Hall
79.9%
The Dark Knight
77.8%
(500) Days of Summer
73.5%
Pretty in Pink
69.7%
Les Misérables
66.1%
% Correct
The Lord of the Rings: The Return of the King
63.3%
Almost Famous
62.8%
Harry Potter and the Deathly Hallows - Part 2
62.5%
My Best Friend's Wedding
61.5%
Love Actually
47.5%
Up in the Air
46.8%
Rushmore
34.7%
The Holiday
34.1%
Broadcast News
28.1%
Keeping the Faith
18.3%
Remove Ads.
Support Sporcle.
Get the best of Sporcle when you Go Orange. This ad-free experience offers more features, more stats, and more fun while also helping to support Sporcle. Thank you for becoming a member.

You're not logged in!

Compare scores with friends on all Sporcle quizzes.
OR
Log In

Show Comments

Extras

Top Quizzes Today


Score Distribution

Your Account Isn't Verified!

In order to create a playlist on Sporcle, you need to verify the email address you used during registration. Go to your Sporcle Settings to finish the process.

Report this User

Report this user for behavior that violates our Community Guidelines.

Details: